REMEDIAR+REDES 10 comprometidos con la Salud Publica. Acceso a medicamentos esenciales en el primer nivel de atencion (Registro nro. 1781)

Detalles MARC
000 -LEADER
fixed length control field 00840nam a2200241 a 4500
003 - CONTROL NUMBER IDENTIFIER
control field OSt
005 - FECHA ULTIMA MODIFICACION
control field 20131010131034.0
008 - FIXED-LENGTH DATA ELEMENTS--GENERAL INFORMATION
fixed length control field 131010s2013 ag ||||| |||| 00| 0 spa d
040 ## - CATALOGING SOURCE
Transcribing agency Biblioteca Medicina
041 ## - LANGUAGE CODE
Language code of text/sound track or separate title spa
082 ## - DEWEY DECIMAL CLASSIFICATION NUMBER
Item number MINIST. DE SALUD 0411
110 1# - MAIN ENTRY--CORPORATE NAME
Corporate name or jurisdiction name as entry element Ministerio de Salud
9 (RLIN) 2598
245 00 - TITLE STATEMENT
Title REMEDIAR+REDES 10 comprometidos con la Salud Publica. Acceso a medicamentos esenciales en el primer nivel de atencion
250 ## - EDITION STATEMENT
Edition statement 1º ed
260 ## - PUBLICATION, DISTRIBUTION, ETC. (IMPRINT)
Place of publication, distribution, etc Buenos Aires
Name of publisher, distributor, etc Ministerio de Salud de la Nacion
Date of publication, distribution, etc 2013
300 ## - PHYSICAL DESCRIPTION
Extent 85 p.
653 ## - INDEX TERM--UNCONTROLLED
Uncontrolled term SALUD PUBLICA-ARGENTINA
653 ## - INDEX TERM--UNCONTROLLED
Uncontrolled term SALUD PUBLICA-PROGRAMAS
653 ## - INDEX TERM--UNCONTROLLED
Uncontrolled term MEDICAMENTOS-GESTION
856 ## - ELECTRONIC LOCATION AND ACCESS
Host name www.remediar.gob.ar
942 ## - ADDED ENTRY ELEMENTS (KOHA)
Source of classification or shelving scheme Dewey Decimal Classification
Koha item type Hemeroteca
Existencias
Withdrawn status Lost status Fuente de clasificación Damaged status Not for loan Colección Ubicación permanente Ubicación actual Sala de ubicación Fecha de adquisición Total Checkouts Número de clasificación Date last seen Número de ejemplar Price effective from Koha tipo de elemento (item)
    Dewey Decimal Classification     Non-fiction Biblioteca Medicina Biblioteca Medicina Circulación 10/10/2013   MINIST. DE SALUD 0411 06/11/2014 Ej. 1 10/10/2013 Hemeroteca

UNIVERSIDAD NACIONAL DEL COMAHUE
Biblioteca de la Facultad de Ciencias Médicas
Sede Toschi: Los Arrayanes y Av. Toschi, Cipolletti  - Rio Negro
Sede Los Tordos:  Yrigoyen al 2211, Cipolletti - Rio Negro 

Teléfono: 0299 - 4774707 int 25
Contacto: biblioteca@facimed.uncoma.edu.ar
© 2011 - 2026